Constituciones de la provincia de San Diego de México de los menores descalzos de San Francisco.

Detalles Bibliográficos
Formato: Libro
Publicado: México
Materias:
Colección:Banco de datos
Acervo:Biblioteca del Museo Regional de Querétaro. INAH. Querétaro
Tema general:Religiosos
Notas:Mala. Ex libris manuscrito. 3J5, 38.
LEADER 00721nam a22001810004500
035 |a 21832 
036 |a 317 
245 1 0 |a Constituciones de la provincia de San Diego de México de los menores descalzos de San Francisco. 
260 |a México  |b Diego de Sal[...] ed., Herederos de la [...] imp. 
500 |a Mala. Ex libris manuscrito. 3J5, 38. 
650 1 0 |a Religiosos 
949 |a C.R.Q. 
959 |a Ex convento Grande de San Francisco de la ciudad de Querétaro, Museo Regional de Querétaro  |b CCC2 
960 |a Convento Grande de San Francisco de la ciudad de Querétaro  |b DD68 
961 |a Franciscana  |b OF 
942 |c C.R.Q. 
943 |g Biblioteca del Museo Regional de Querétaro. INAH. Querétaro 
999 |c 978148  |d 978148